00942 a2200205 4500003000500000005001700005010001600022020001700038040000900055082001500064100002800079245005400107260004200161300003400203505031800237650002800555942001200583999001900595952012200614Nust20230104135056.0 a 78040726 a0582446309 : cNust00a631.53,SIM1 aSimmonds, N. W.910676110aPrinciples of crop improvement /cN. W. Simmonds. aLondon ;aNew York :bLongman,c1979. axiv, 408 p. :bill. ;c23 cm. aThe Evolution of Crops (Page-1), Basic Features (Page-27), Objectives of Plant Breeding (Page-40), Genetic Aspects (Page-66), Breeding Plants (Page-123), Trials and Multiplication (Page-205), Discrete Resistance (Page-242), Special Tech (Page-279), New Crops and Genetic (Page-315), The Social Context (Page-337). 0aPlant breeding.9106762 2ddccBK c184077d184077 00102ddc4070aMCSbMCScGENd2016-12-12o631.53,SIMpMCS3382r2016-12-08w2016-12-12yBKzAmirah No.42, Shelf No.2